000 00573nam a2200217Ia 4500
003 OSt
005 20241007070426.0
008 240925s9999 xx 000 0 und d
020 _a083063455X
040 _cdf
082 _a621.395 ZBA
100 _aZbar, Paul B.
245 0 _a49 Easy Electronic Projects for Transconductance and Norton Op Amps
250 _aNA
260 _aTexas:
_bWordware Publishing
_c,1990.
300 _axviii,729p.
_bNA
_fOriginal
500 _aIncludes Index
600 _aElectronic Engineering
650 _aTechnology
942 _cBK
_2ddc
999 _c3084
_d3084